|
|
|
|
| LEADER |
00000nam#a22000001ab4500 |
| 001 |
00028904 |
| 003 |
AR-BaUAD |
| 005 |
20230908142056.0 |
| 008 |
020220s1999####ag#o|||##||||||||#||spa|d |
| 020 |
|
|
|a No posee
|
| 040 |
|
|
|a AR-BaUAD
|b spa
|c AR-BaUAD
|
| 041 |
|
|
|a spa
|
| 044 |
|
|
|c ar
|2 ISO3166-1
|
| 100 |
1 |
|
|a Sustersic, Bodizar D.,
|d 1936-
|
| 245 |
1 |
0 |
|a Templos jesuítico-guaraníes :
|b la historia secreta de sus fábricas y ensayos de interpretación de sus ruinas /
|c Bodizar D. Sustersic ; colaboración en la investigación Estela Ana Irma Auletta, María Cristina Serrenti
|
| 260 |
|
|
|a Buenos Aires :
|b Universidad de Buenos Aires, Facultad de Filosofía y Letras, Instituto de Teoría e Historia del Arte Julio E. Payró,
|c c1999
|
| 300 |
|
|
|a 334 p. :
|b fot.
|
| 490 |
|
|
|a Serie Monográfica ;
|v no 3
|
| 500 |
|
|
|a Notas: p. 226-271.
|
| 653 |
|
|
|a ARQUITECTURA JESUITICA
|
| 653 |
|
|
|a ARQUITECTURA RELIGIOSA
|
| 653 |
|
|
|a MISIONES JESUITICAS
|
| 653 |
|
|
|a ARQUITECTURA VERNACULA
|
| 653 |
|
|
|a HISTORIA
|
| 653 |
|
|
|a ARGENTINA
|
| 653 |
|
|
|a PARAGUAY
|
| 653 |
|
|
|a BRASIL
|
| 655 |
|
|
|a TEXTO
|
| 852 |
|
|
|c 7-3
|
| 952 |
|
|
|0 0
|1 0
|4 0
|6 73
|7 0
|9 36738
|a AR-BaUAD
|b AR-BaUAD
|d 0000-00-00
|e donac. Bodizar D. Sustersic
|g 18.00
|i 28904
|l 0
|o 7-3
|p 3coan28904
|r 2023-09-08 14:20:56
|w 2023-09-08
|y BK
|
| 990 |
|
|
|a Ej. No1 : 28904 . 22/11/2001 -- donac. Bodizar D. Sustersic -- (18 pesos).
|b ADM
|
| 990 |
|
|
|a H199
|b TD
|
| 990 |
|
|
|a AQ199
|b TD
|
| 990 |
|
|
|a AAQ00028904
|b CC
|
| 998 |
|
|
|a AAQ
|b Bibun 76
|
| 942 |
|
|
|c BK
|
| 999 |
|
|
|c 18289
|d 18289
|